Largest U.S. Cities in 1870 on an Empty Map - Statistics

General Stats
  • This quiz has been taken 123 times
  • The average score is 17 of 20
Answers on the Map
Answers color-coded by a green-red scale on the quiz's map according to % correct below.
 
Answer Stats
Population City % Correct
942,292 New York City
100%
250,526 Boston
99%
674,022 Philadelphia
97%
298,977 Chicago
95%
149,473 San Francisco
94%
109,199 Washington, D.C.
94%
267,354 Baltimore
93%
79,577 Detroit
93%
92,829 Cleveland
91%
310,864 St. Louis
91%
86,076 Pittsburgh
88%
71,440 Milwaukee
87%
191,418 New Orleans
87%
216,239 Cincinnati
85%
117,714 Buffalo
82%
100,753 Louisville
79%
105,059 Newark
78%
69,422 Albany
77%
396,099 Brooklyn
68%
82,546 Jersey City
61%
No matching quizzes found
Score Distribution
Percent of People with Each Score
Percentile by Number Answered
Your Score History
You have not taken this quiz